Marketing effectiveness : insights from accounting and finance

Αποθηκεύτηκε σε:
Λεπτομέρειες βιβλιογραφικής εγγραφής
Κύριος συγγραφέας: Shapiro, Stanley J.
Άλλοι συγγραφείς: Kirpalani, V. H. (Vishnu H.), 1928-
Μορφή: Βιβλίο
Γλώσσα:English
Δημοσίευση: Boston : Allyn and Bacon, Inc., 1984
Θέματα:
Ετικέτες: Προσθήκη ετικέτας
Δεν υπάρχουν, Καταχωρήστε ετικέτα πρώτοι!

MARC

LEADER 00000cam a2200000 i 4500
001 1/44915
008 070524s1984 eng d
020 |a 0-205-07994-6 
035 |l 10087981 
040 |a GR-MY-UA  |b gre  |e aacr 
041 0 |a eng 
082 0 |a 658.8  |2 (22) 
100 1 |a Shapiro, Stanley J. 
245 1 0 |a Marketing effectiveness :  |b insights from accounting and finance /  |c Stanley J. Shapiro, V. H. Kirpalani 
260 |a Boston :   |b Allyn and Bacon, Inc.,   |c 1984 
300 |a xvii, 542 σ.;  |b διαγρ.;  |c 24 εκ. 
504 |a Περιέχει ευρετήριο 
650 0 0 |a Marketing  |x Management. 
700 1 |a Kirpalani, V. H.   |q (Vishnu H.),   |d 1928- 
852 |a INST  |b LESVOS  |e 20070524  |h 658.8 SHA  |p 005100038204  |q 005100038204  |t BK  |y 0 
901 |a BIBL1-2007-2 
970 |a ΒΑΡΚΑ  |b ΕΛΕΥΘΕΡΙΑ  |z 2007/05/24